| 000 | 00710nam a2200241 4500 | ||
|---|---|---|---|
| 001 | 137837 | ||
| 003 | ES-MaACL | ||
| 005 | 20230906195442.0 | ||
| 007 | t| | ||
| 008 | 070214q1928 bo r ||||1| spa d | ||
| 100 | 1 |
_aSalmón Ballivian, José. _9102005 |
|
| 245 | 1 | 0 |
_aCuentos tropicales / _cJosé Salmón Ballivian. |
| 260 |
_aLa Paz : _b[s. n., _c1928?] ( _fImp. Renacimiento) |
||
| 300 |
_a207 p. ; _c21 cm. |
||
| 500 | _aContiene: El hombre de los bosques ; Yungas ; Santa Cruz ; Beni ; Acre ; Caupolicán. | ||
| 740 | 0 | _aEl hombre de los bosques. | |
| 740 | 0 | _aYungas. | |
| 740 | 0 | _aSanta Cruz. | |
| 740 | 0 | _aBeni. | |
| 740 | 0 | _aAcre. | |
| 740 | 0 | _aCaupolicán. | |
| 852 |
_aES-MaACL _jA-4009 |
||
| 999 |
_c137837 _d137837 |
||